00597 2200181 4500245003200000020002200032250001100054100001300065700001600078650002000094005001900114260003700133041001400170084001100184300002300195500018800218336000900406 aAnak RantaucA. FuadihText a978-602-60514-9-3 aCet. 1 aA. Fuadi aEdi Sembodo aNovel Indonesia a20231011131955 aJakartabFalcon Publishingc2017 aIndonesia a808.83 a370 hlm. :c19,7cm aHepi,perantau bujang yang menyalakan dendam di tepi danau.Martiaz,ayah yang pecah kongsi dengan anaknya di samping jalan.Datuk,kakek yang ingin menebus dosa masa lalu di tengan surau. atext